LEADER 00830nam0-22002891i-450- 001 990000071500403321 035 $a000007150 035 $aFED01000007150 035 $a(Aleph)000007150FED01 035 $a000007150 100 $a20011111d--------km-y0itay50------ba 101 0 $aita 105 $ay-------001yy 200 1 $aSulla proiezione bicentrale della cubica gobba$fnota per Mario Giovanardi (a Napoli). 210 $aNapoli$cA. Trani$d1928 215 $a8 p.$cill.$d26 cm 610 0 $aGeometria proiettiva 676 $a516.5 700 1$aGiovanardi,$bMario$0332359 801 0$aIT$bUNINA$gRICA$2UNIMARC 901 $aBK 912 $a990000071500403321 952 $a13 K 05 01$b7705$fFINBC 959 $aFINBC 996 $aSulla proiezione bicentrale della cubica gobba$9110723 997 $aUNINA DB $aING01 LEADER 01183nas 2200385-a 450 001 996321170303316 005 20240112213020.0 035 $a(DE-599)ZDB2604670-2 035 $a(OCoLC)769792369 035 $a(CKB)2670000000127660 035 $a(CONSER)--2012257247 035 $a(EXLCZ)992670000000127660 100 $a20111229a20109999 s-- - 101 0 $aeng 135 $aur|n||||||||| 181 $ctxt$2rdacontent 182 $cc$2rdamedia 183 $acr$2rdacarrier 200 00$aJournal of Dutch literature 210 $a[Amsterdam, Netherlands] $cAmsterdam University Press 215 $a1 online resource 311 $a2211-0879 517 1 $aJDL 606 $aDutch literature$vPeriodicals 606 $aDutch literature$2fast$3(OCoLC)fst00899846 607 $aNetherlands$vLiteratures$vPeriodicals 607 $aNetherlands$2fast$1https://id.oclc.org/worldcat/entity/E39PBJk4D96j3YTHJQfHCV3vpP 608 $aLiteratures.$2fast 608 $aPeriodicals.$2fast 615 0$aDutch literature 615 7$aDutch literature. 906 $aJOURNAL 912 $a996321170303316 996 $aJournal of Dutch literature$92111907 997 $aUNISA LEADER 01007nam0 22002651i 450 001 UON00130761 005 20231205102755.365 100 $a20020107d1981 |0itac50 ba 101 $anep 102 $aNP 105 $a|||| 1|||| 200 1 $aGama-besika ghita$fKshetrapratapa Adhikari 210 $aKathamadaum$cSajha Prakashana$d1981 215 $a55 p.$cill.$d23 cm 606 $aLETTERATURA NEPALESE$3UONC009386$2FI 620 $aNP$dKathmandu$3UONL000146 686 $aSI VI IN$cSUBCONT. INDIANO - LETTERATURE INDOARIE MINORI - NEPALI$2A 700 1$aADHIKARI$bKshetrapratapa$3UONV080470$0668792 712 $aSajha Prakashana$3UONV262765$4650 801 $aIT$bSOL$c20240220$gRICA 899 $aSIBA - SISTEMA BIBLIOTECARIO DI ATENEO$2UONSI 912 $aUON00130761 950 $aSIBA - SISTEMA BIBLIOTECARIO DI ATENEO$dSI SI VI IN 031 $eSI SA 41733 5 031 996 $aGama-besika ghita$91313195 997 $aUNIOR